00767 2200277 4500001002100000005001500021035002500036090002000061090002200081245007300103260003400176300002500210008004100235040001200276082001400288084001600302100002700318650001100345850001200356041000800368020002200376500001100398700002500409504003300434990002200467YOGYA00000000008007820180828090040 a0010-081400000079795 aDEP 158.1 NAN j aCB-D.11/2010-11730 aJawara Tanpa Sekolah /cNanik Hidayani; editor, Rose Kusumaningratri aYogyakarta :bKatahati,c2010 a229 halaman ;c21 cm131202s ind  aYOPDYOG04223a158.1 a158.1 NAN j0 aNanik Hidayani,d1991- 4aSukses aYOPDYOG aind a978-979-25-4794-8 aIndeks0 aRose Kusumaningratri aBibliografi: halaman 223-226 aCB-D.11/2010-1173